Reforma sociálneho poistenia v SR a prognózy jej ďalšieho vývoja

Enregistré dans:
Détails bibliographiques
Auteur principal: Drozdová, Daniela, 1959-
Format: Livre
Langue:slovaque
Publié: Bratislava Výskumný ústav národohospodársky EU 2002
Collection:Diskusné materiály
Sujets:
Tags: Ajouter un tag
Pas de tags, Soyez le premier à ajouter un tag!

MARC

LEADER 00000nam a2200000 4500
001 0024662
005 20250725081028.5
022 |a 1335-1346 
041 0 |a slo 
044 |a SK 
245 1 0 |a Reforma sociálneho poistenia v SR a prognózy jej ďalšieho vývoja  |c Daniela Drozdová 
264 1 |a Bratislava  |b Výskumný ústav národohospodársky EU  |c 2002 
300 |a 30 s. 
490 1 |a Diskusné materiály 
830 0 |a Diskusné materiály 
610 2 0 |a poistenie sociálne 
610 2 0 |a Slovensko 
610 2 0 |a poisťovne sociálne 
610 2 0 |a poistenie nemocenské 
610 2 0 |a zabezpečenie dôchodkové 
100 1 |a Drozdová, Daniela, 1959-